Migliori Marcatori Serie A 2022/2023 - Statistics

Statistiche generali
  • Questo quiz è stato fatto 81 volte
  • Il punteggio medio è 17 su 28
Statistiche sulle risposte
Goals Team Player % Corretto
21 Inter Lautaro Martínez
99%
26 Napoli Osimhen
96%
12 Lazio Immobile
90%
15 Milan Leão
90%
12 Sassuolo Berardi
89%
13 Milan Giroud
89%
16 Salernitana Dia
88%
10 Juventus Vlahović
86%
12 Roma Dybala
85%
12 Napoli Kvaratskhelia
77%
13 Atalanta Lookman
71%
10 Inter Lukaku
71%
13 Spezia Nzola
68%
11 Bologna Orsolini
68%
10 Lazio Zaccagni
60%
9 Inter Džeko
55%
10 Bologna Arnautović
52%
12 Torino Sanabria
52%
8 Roma Abraham
51%
10 Udinese Beto
40%
9 Lazio Felipe Anderson
38%
9 Lazio Milinković-Savić
37%
10 Atalanta Koopmeiners
27%
8 Juventus Rabiot
26%
8 Fiorentina Cabral
22%
8 Cremonese Ciofani
22%
8 Lecce Strefezza
22%
9 Atalanta Højlund
19%
Nessun quiz corrispondente trovato
Distribuzione punteggi
Percentuale di utenti per punteggio
Percentile per numero di risposta
I tuoi punteggi nel tempo
Non hai fatto questo quiz